Soluciones de pago para modernizar las economías / (Registro nro. 8260)
[ vista simple ]
| 000 -LEADER | |
|---|---|
| fixed length control field | 00938nam a2200229Ia 4500 |
| 003 - CONTROL NUMBER IDENTIFIER | |
| control field | OSt |
| 005 - DATE AND TIME OF LATEST TRANSACTION | |
| control field | 20210806110214.0 |
| 008 - FIXED-LENGTH DATA ELEMENTS--GENERAL INFORMATION | |
| fixed length control field | 210310s2004 xxkaod fr 000 0 spa d |
| 040 ## - CATALOGING SOURCE | |
| Original cataloging agency | CO-JMCR |
| Transcribing agency | CO-JMCR |
| 041 0# - LANGUAGE CODE | |
| Language code of text/sound track or separate title | spa |
| 082 04 - DEWEY DECIMAL CLASSIFICATION NUMBER | |
| Classification number | 332.55 / |
| Item number | C734s |
| Edition number | 23 |
| 110 2# - MAIN ENTRY--CORPORATE NAME | |
| Corporate name or jurisdiction name as entry element | Commonwealth Bussiness Center |
| 9 (RLIN) | 39153 |
| 245 10 - TITLE STATEMENT | |
| Title | Soluciones de pago para modernizar las economías / |
| Statement of responsibility, etc. | Commonwealth Bussiness Center |
| 260 ## - PUBLICATION, DISTRIBUTION, ETC. | |
| Place of publication, distribution, etc. | Reino Unido : |
| Name of publisher, distributor, etc. | Commonwealth Business Council, |
| Date of publication, distribution, etc. | 2004 |
| 300 ## - PHYSICAL DESCRIPTION | |
| Extent | 35 páginas: |
| Other physical details | ilustraciones, fotografías y gráficas a color ; |
| Dimensions | 30 cm. |
| 500 ## - GENERAL NOTE | |
| General note | Incluye notas a pie de página. |
| 504 ## - BIBLIOGRAPHY, ETC. NOTE | |
| Bibliography, etc. note | Bibliografía: página 34 |
| 505 0# - FORMATTED CONTENTS NOTE | |
| Formatted contents note | Los pagos electrónicos y su valor -- La infraestructura y las instituciones esenciales -- La innovación en acción: Ejemplos emergentes |
| 650 14 - SUBJECT ADDED ENTRY--TOPICAL TERM | |
| Topical term or geographic name entry element | Servicios financieros |
| General subdivision | Innovación |
| 9 (RLIN) | 39154 |
| 650 24 - SUBJECT ADDED ENTRY--TOPICAL TERM | |
| Topical term or geographic name entry element | Pagos electrónicos |
| 9 (RLIN) | 16779 |
| General subdivision | modernización |
| 942 ## - ADDED ENTRY ELEMENTS (KOHA) | |
| Source of classification or shelving scheme | Dewey Decimal Classification |
| Koha item type | Books |
| Withdrawn status | Lost status | Source of classification or shelving scheme | Damaged status | Not for loan | Collection code | Home library | Current library | Date acquired | Source of acquisition | Full call number | Barcode | Date last seen | Copy number | Koha item type |
|---|---|---|---|---|---|---|---|---|---|---|---|---|---|---|
| Dewey Decimal Classification | Non-fiction | Biblioteca Pública José María del Castillo y Rada | Biblioteca Pública José María del Castillo y Rada | 04/15/2018 | Donación | 332.55 / C734s | 430002818 | 05/16/2024 | Ej.1 | Books |